[Event "Top 12 2021"]
[Site "Chalons en Champagne, France"]
[Date "2021.06.26"]
[Round "3.1"]
[White "Fantinel, Thibault AGE"]
[Black "Anton Guijarro, David CHA"]
[Result "0-1"]
[WhiteElo "2380"]
[BlackElo "2673"]

1. e4 {[%clk 01:30:57]} {[%emt 00:00:02]} c6 {[%clk 01:30:37]} {[%emt
00:00:24]} 2. Nf3 {[%clk 01:30:49]} {[%emt 00:00:38]} d5 {[%clk 01:30:41]}
{[%emt 00:00:25]} 3. d3 {[%clk 01:31:13]} {[%emt 00:00:06]} dxe4 {[%clk
01:23:28]} {[%emt 00:07:43]} 4. dxe4 {[%clk 01:31:30]} {[%emt 00:00:12]} Qxd1+
{[%clk 01:23:54]} {[%emt 00:00:05]} 5. Kxd1 {[%clk 01:31:57]} {[%emt 00:00:03]}
Nd7 {[%clk 01:24:14]} {[%emt 00:00:10]} 6. Nbd2 {[%clk 01:24:21]} {[%emt
00:08:06]} Nc5 {[%clk 01:10:06]} {[%emt 00:14:38]} 7. Ne5 {[%clk 01:17:18]}
{[%emt 00:07:34]} Nf6 {[%clk 01:09:40]} {[%emt 00:00:55]} 8. Bc4 {[%clk
01:12:15]} {[%emt 00:05:33]} e6 {[%clk 01:01:11]} {[%emt 00:08:59]} 9. f3
{[%clk 01:10:47]} {[%emt 00:01:58]} b5 {[%clk 00:56:01]} {[%emt 00:05:40]} 10.
Be2 {[%clk 01:10:26]} {[%emt 00:00:51]} Bb7 {[%clk 00:56:22]} {[%emt 00:00:09]}
11. c3 {[%clk 01:05:21]} {[%emt 00:05:35]} Bd6 {[%clk 00:31:59]} {[%emt
00:24:52]} 12. Nd3 {[%clk 01:04:41]} {[%emt 00:01:10]} Nfd7 {[%clk 00:32:18]}
{[%emt 00:00:11]} 13. Nxc5 {[%clk 01:03:05]} {[%emt 00:02:06]} Nxc5 {[%clk
00:30:44]} {[%emt 00:02:05]} 14. Nb3 {[%clk 00:59:07]} {[%emt 00:04:28]} Nxb3
{[%clk 00:28:24]} {[%emt 00:02:50]} 15. axb3 {[%clk 00:59:32]} {[%emt
00:00:05]} Bc5 {[%clk 00:28:07]} {[%emt 00:00:47]} 16. Kc2 {[%clk 00:54:55]}
{[%emt 00:05:06]} Ke7 {[%clk 00:27:16]} {[%emt 00:01:21]} 17. Rd1 {[%clk
00:52:25]} {[%emt 00:03:00]} Rad8 {[%clk 00:24:53]} {[%emt 00:02:53]} 18. Bf4
{[%clk 00:49:36]} {[%emt 00:03:19]} f6 {[%clk 00:22:41]} {[%emt 00:02:42]} 19.
Bc7 {[%clk 00:38:38]} {[%emt 00:11:29]} Rxd1 {[%clk 00:21:22]} {[%emt
00:01:49]} 20. Rxd1 {[%clk 00:39:03]} {[%emt 00:00:05]} Rc8 {[%clk 00:20:50]}
{[%emt 00:01:01]} 21. Bg3 {[%clk 00:36:54]} {[%emt 00:02:39]} e5 {[%clk
00:15:56]} {[%emt 00:05:24]} 22. b4 {[%clk 00:32:35]} {[%emt 00:04:49]} Be3
{[%clk 00:15:41]} {[%emt 00:00:45]} 23. Rd3 {[%clk 00:25:13]} {[%emt 00:07:53]}
Bb6 {[%clk 00:15:27]} {[%emt 00:00:43]} 24. Kd2 {[%clk 00:20:25]} {[%emt
00:05:18]} g5 {[%clk 00:11:45]} {[%emt 00:04:12]} 25. Ke1 {[%clk 00:17:43]}
{[%emt 00:03:12]} Ra8 {[%clk 00:10:45]} {[%emt 00:01:30]} 26. Bf2 {[%clk
00:15:23]} {[%emt 00:02:50]} Bxf2+ {[%clk 00:10:55]} {[%emt 00:00:21]} 27. Kxf2
{[%clk 00:15:52]} {[%emt 00:00:02]} a5 {[%clk 00:10:54]} {[%emt 00:00:30]} 28.
bxa5 {[%clk 00:15:20]} {[%emt 00:01:02]} Rxa5 {[%clk 00:11:20]} {[%emt
00:00:05]} 29. b4 {[%clk 00:12:31]} {[%emt 00:03:18]} Ra2 {[%clk 00:11:04]}
{[%emt 00:00:46]} 30. h4 {[%clk 00:08:22]} {[%emt 00:04:39]} gxh4 {[%clk
00:06:25]} {[%emt 00:05:10]} 31. Rd1 {[%clk 00:04:08]} {[%emt 00:04:44]} Bc8
{[%clk 00:06:30]} {[%emt 00:00:24]} 32. Rh1 {[%clk 00:03:47]} {[%emt 00:00:50]}
h3 {[%clk 00:06:26]} {[%emt 00:00:34]} 33. g4 {[%clk 00:03:06]} {[%emt
00:01:11]} h5 {[%clk 00:06:44]} {[%emt 00:00:12]} 34. gxh5 {[%clk 00:03:14]}
{[%emt 00:00:23]} Be6 {[%clk 00:06:47]} {[%emt 00:00:26]} 35. Ke3 {[%clk
00:02:59]} {[%emt 00:00:45]} Kf7 {[%clk 00:05:14]} {[%emt 00:02:03]} 36. Rg1
{[%clk 00:00:57]} {[%emt 00:02:32]} Bc4 {[%clk 00:03:12]} {[%emt 00:02:32]} 37.
Bxc4+ {[%clk 00:00:54]} {[%emt 00:00:33]} bxc4 {[%clk 00:03:38]} {[%emt
00:00:04]} 38. Rg3 {[%clk 00:01:03]} {[%emt 00:00:22]} h2 {[%clk 00:03:42]}
{[%emt 00:00:25]} 39. Rh3 {[%clk 00:01:30]} {[%emt 00:00:03]} Kg7 {[%clk
00:03:01]} {[%emt 00:01:11]} 40. h6+ {[%clk 00:30:44]} {[%emt 00:01:17]} Kh7
{[%clk 00:33:23]} {[%emt 00:00:07]} 41. Rh4 {[%clk 00:27:16]} {[%emt 00:03:57]}
Rc2 {[%clk 00:33:14]} {[%emt 00:00:39]} 42. Rh3 {[%clk 00:20:00]} {[%emt
00:07:47]} Rxc3+ {[%clk 00:33:11]} {[%emt 00:00:33]} 43. Kd2 {[%clk 00:20:15]}
{[%emt 00:00:16]} Ra3 {[%clk 00:33:20]} {[%emt 00:00:21]} 0-1

[Event "Top 12 2021"]
[Site "Chalons en Champagne, France"]
[Date "2021.06.26"]
[Round "3.2"]
[White "Edouard, Romain CHA"]
[Black "Kirk, Ezra AGE"]
[Result "1-0"]
[WhiteElo "2598"]
[BlackElo "2447"]

1. d4 {[%clk 01:30:57]} {[%emt 00:00:03]} Nf6 {[%clk 01:30:55]} {[%emt
00:00:05]} 2. Bf4 {[%clk 01:31:22]} {[%emt 00:00:05]} g6 {[%clk 01:29:04]}
{[%emt 00:02:21]} 3. Nc3 {[%clk 01:31:46]} {[%emt 00:00:06]} d5 {[%clk
01:27:11]} {[%emt 00:02:23]} 4. e3 {[%clk 01:32:09]} {[%emt 00:00:06]} c6
{[%clk 01:24:23]} {[%emt 00:03:18]} 5. h4 {[%clk 01:23:48]} {[%emt 00:08:52]}
Bg7 {[%clk 01:17:41]} {[%emt 00:07:12]} 6. h5 {[%clk 01:23:43]} {[%emt
00:00:35]} Nxh5 {[%clk 01:14:42]} {[%emt 00:03:29]} 7. Rxh5 {[%clk 01:24:04]}
{[%emt 00:00:09]} gxh5 {[%clk 01:15:04]} {[%emt 00:00:08]} 8. Qxh5 {[%clk
01:24:30]} {[%emt 00:00:03]} Nd7 {[%clk 01:12:39]} {[%emt 00:02:55]} 9. Nf3
{[%clk 01:24:41]} {[%emt 00:00:19]} Nf8 {[%clk 01:03:47]} {[%emt 00:09:22]} 10.
Be5 {[%clk 01:21:13]} {[%emt 00:03:58]} Bxe5 {[%clk 00:59:32]} {[%emt
00:04:46]} 11. Nxe5 {[%clk 01:21:32]} {[%emt 00:00:11]} Ng6 {[%clk 00:59:06]}
{[%emt 00:00:56]} 12. e4 {[%clk 01:16:26]} {[%emt 00:05:37]} Nxe5 {[%clk
00:49:04]} {[%emt 00:10:33]} 13. Qxe5 {[%clk 01:16:45]} {[%emt 00:00:10]} Rg8
{[%clk 00:49:29]} {[%emt 00:00:05]} 14. exd5 {[%clk 01:15:50]} {[%emt
00:01:25]} Qd6 {[%clk 00:49:53]} {[%emt 00:00:06]} 15. Qh5 {[%clk 01:06:54]}
{[%emt 00:09:25]} Bg4 {[%clk 00:46:34]} {[%emt 00:03:50]} 16. Qxh7 {[%clk
01:07:11]} {[%emt 00:00:13]} O-O-O {[%clk 00:46:13]} {[%emt 00:00:50]} 17. dxc6
{[%clk 01:03:59]} {[%emt 00:03:42]} Qxd4 {[%clk 00:32:24]} {[%emt 00:14:19]} 18.
cxb7+ {[%clk 01:04:23]} {[%emt 00:00:06]} Kb8 {[%clk 00:32:48]} {[%emt
00:00:05]} 19. Qd3 {[%clk 01:02:02]} {[%emt 00:02:52]} Qb4 {[%clk 00:30:53]}
{[%emt 00:02:24]} 20. Qg3+ {[%clk 00:59:28]} {[%emt 00:03:05]} Rd6 {[%clk
00:25:56]} {[%emt 00:05:27]} 21. Rd1 {[%clk 00:50:26]} {[%emt 00:09:31]} Rgg6
{[%clk 00:15:47]} {[%emt 00:10:40]} 22. Rxd6 {[%clk 00:50:21]} {[%emt
00:00:35]} exd6 {[%clk 00:14:27]} {[%emt 00:01:50]} 23. Kd2 {[%clk 00:33:34]}
{[%emt 00:17:17]} Qd4+ {[%clk 00:05:33]} {[%emt 00:09:25]} 24. Kc1 {[%clk
00:32:29]} {[%emt 00:01:35]} Rh6 {[%clk 00:04:28]} {[%emt 00:01:35]} 25. Bd3
{[%clk 00:28:32]} {[%emt 00:04:27]} f5 {[%clk 00:03:24]} {[%emt 00:01:34]} 26.
Kd2 {[%clk 00:24:39]} {[%emt 00:04:23]} Rh1 {[%clk 00:03:49]} {[%emt 00:00:05]}
27. Qe3 {[%clk 00:23:55]} {[%emt 00:01:15]} Qxe3+ {[%clk 00:02:20]} {[%emt
00:02:00]} 28. Kxe3 {[%clk 00:24:21]} {[%emt 00:00:03]} Rh2 {[%clk 00:01:58]}
{[%emt 00:00:52]} 29. f3 {[%clk 00:23:55]} {[%emt 00:00:56]} Bh5 {[%clk
00:02:15]} {[%emt 00:00:13]} 30. g3 {[%clk 00:24:14]} {[%emt 00:00:10]} Bg6
{[%clk 00:02:06]} {[%emt 00:00:39]} 31. Kf4 {[%clk 00:24:28]} {[%emt 00:00:15]}
Kxb7 {[%clk 00:01:38]} {[%emt 00:00:59]} 32. Nb5 {[%clk 00:24:41]} {[%emt
00:00:17]} Kc6 {[%clk 00:00:42]} {[%emt 00:01:26]} 33. Nxa7+ {[%clk 00:24:01]}
{[%emt 00:01:10]} Kc5 {[%clk 00:00:47]} {[%emt 00:00:25]} 34. Nc8 {[%clk
00:19:29]} {[%emt 00:05:02]} Rf2 {[%clk 00:00:52]} {[%emt 00:00:26]} 35. g4
{[%clk 00:16:45]} {[%emt 00:03:14]} fxg4 {[%clk 00:00:52]} {[%emt 00:00:31]} 36.
Bxg6 {[%clk 00:17:12]} {[%emt 00:00:02]} gxf3 {[%clk 00:01:17]} {[%emt
00:00:05]} 37. Bd3 {[%clk 00:16:36]} {[%emt 00:01:05]} Rg2 {[%clk 00:00:41]}
{[%emt 00:01:06]} 38. Kxf3 {[%clk 00:15:49]} {[%emt 00:01:17]} Rg7 {[%clk
00:01:06]} {[%emt 00:00:05]} 39. a3 {[%clk 00:15:49]} {[%emt 00:00:30]} d5
{[%clk 00:00:34]} {[%emt 00:01:02]} 40. b4+ {[%clk 00:45:54]} {[%emt 00:00:24]}
Kc6 {[%clk 00:30:52]} {[%emt 00:00:12]} 41. Ba6 {[%clk 00:45:25]} {[%emt
00:00:59]} 1-0

[Event "Top 12 2021"]
[Site "Chalons en Champagne, France"]
[Date "2021.06.26"]
[Round "3.3"]
[White "Le Hetet, Nicolas AGE"]
[Black "Grandelius, Nils CHA"]
[Result "0-1"]
[WhiteElo "2393"]
[BlackElo "2670"]

1. e4 {[%clk 01:30:55]} {[%emt 00:00:04]} c5 {[%clk 01:30:07]} {[%emt
00:00:53]} 2. Nf3 {[%clk 01:30:56]} {[%emt 00:00:29]} d6 {[%clk 01:30:22]}
{[%emt 00:00:15]} 3. d4 {[%clk 01:31:16]} {[%emt 00:00:10]} cxd4 {[%clk
01:30:43]} {[%emt 00:00:09]} 4. Nxd4 {[%clk 01:31:38]} {[%emt 00:00:08]} Nf6
{[%clk 01:31:09]} {[%emt 00:00:04]} 5. Nc3 {[%clk 01:31:52]} {[%emt 00:00:17]}
g6 {[%clk 01:30:00]} {[%emt 00:01:39]} 6. g3 {[%clk 01:31:24]} {[%emt
00:00:58]} Nc6 {[%clk 01:29:19]} {[%emt 00:01:11]} 7. Nde2 {[%clk 01:30:48]}
{[%emt 00:01:06]} Bg7 {[%clk 01:28:56]} {[%emt 00:00:53]} 8. Bg2 {[%clk
01:30:33]} {[%emt 00:00:45]} Bd7 {[%clk 01:28:46]} {[%emt 00:00:40]} 9. O-O
{[%clk 01:26:49]} {[%emt 00:04:14]} Qc8 {[%clk 01:27:43]} {[%emt 00:01:32]} 10.
Re1 {[%clk 01:23:30]} {[%emt 00:03:50]} h5 {[%clk 01:26:34]} {[%emt 00:01:38]}
11. Bg5 {[%clk 01:19:31]} {[%emt 00:04:29]} Nh7 {[%clk 01:24:20]} {[%emt
00:02:44]} 12. Be3 {[%clk 01:16:22]} {[%emt 00:03:40]} h4 {[%clk 01:24:25]}
{[%emt 00:00:24]} 13. Qc1 {[%clk 01:07:24]} {[%emt 00:09:29]} hxg3 {[%clk
01:20:12]} {[%emt 00:04:43]} 14. hxg3 {[%clk 01:06:42]} {[%emt 00:01:12]} Nf6
{[%clk 01:10:47]} {[%emt 00:09:54]} 15. Nd5 {[%clk 00:57:24]} {[%emt 00:09:49]}
Bh3 {[%clk 01:09:43]} {[%emt 00:01:33]} 16. Nxf6+ {[%clk 00:33:37]} {[%emt
00:24:18]} Bxf6 {[%clk 01:09:33]} {[%emt 00:00:40]} 17. f4 {[%clk 00:33:50]}
{[%emt 00:00:16]} Bxg2 {[%clk 01:02:30]} {[%emt 00:07:33]} 18. Kxg2 {[%clk
00:33:53]} {[%emt 00:00:28]} Qh3+ {[%clk 01:02:47]} {[%emt 00:00:12]} 19. Kf2
{[%clk 00:31:04]} {[%emt 00:03:19]} Qh2+ {[%clk 00:59:47]} {[%emt 00:03:31]} 20.
Kf3 {[%clk 00:30:53]} {[%emt 00:00:41]} g5 {[%clk 00:59:37]} {[%emt 00:00:40]}
21. fxg5 {[%clk 00:27:11]} {[%emt 00:04:12]} Ne5+ {[%clk 00:59:29]} {[%emt
00:00:38]} 0-1

[Event "Top 12 2021"]
[Site "Chalons en Champagne, France"]
[Date "2021.06.26"]
[Round "3.4"]
[White "Guilleux, Fabien CHA"]
[Black "Louis, Thibault AGE"]
[Result "0-1"]
[WhiteElo "2448"]
[BlackElo "2269"]

1. Nf3 {[%clk 01:30:55]} {[%emt 00:00:04]} d5 {[%clk 01:30:37]} {[%emt
00:00:23]} 2. d4 {[%clk 01:31:05]} {[%emt 00:00:20]} Nf6 {[%clk 01:31:00]}
{[%emt 00:00:07]} 3. c4 {[%clk 01:31:14]} {[%emt 00:00:21]} dxc4 {[%clk
01:31:09]} {[%emt 00:00:21]} 4. e3 {[%clk 01:31:32]} {[%emt 00:00:12]} e6
{[%clk 01:31:27]} {[%emt 00:00:12]} 5. Bxc4 {[%clk 01:31:44]} {[%emt 00:00:18]}
c5 {[%clk 01:31:38]} {[%emt 00:00:19]} 6. O-O {[%clk 01:31:45]} {[%emt
00:00:31]} Nc6 {[%clk 01:31:55]} {[%emt 00:00:13]} 7. Qe2 {[%clk 01:31:19]}
{[%emt 00:00:55]} a6 {[%clk 01:29:58]} {[%emt 00:02:26]} 8. Rd1 {[%clk
01:29:35]} {[%emt 00:02:14]} b5 {[%clk 01:29:16]} {[%emt 00:01:12]} 9. dxc5
{[%clk 01:13:42]} {[%emt 00:16:24]} Qc7 {[%clk 01:27:52]} {[%emt 00:01:54]} 10.
Bb3 {[%clk 01:14:04]} {[%emt 00:00:09]} Bxc5 {[%clk 01:27:36]} {[%emt
00:00:46]} 11. a4 {[%clk 01:10:23]} {[%emt 00:04:11]} b4 {[%clk 01:18:33]}
{[%emt 00:09:31]} 12. Nbd2 {[%clk 01:07:01]} {[%emt 00:03:53]} O-O {[%clk
01:18:18]} {[%emt 00:00:45]} 13. Nc4 {[%clk 01:06:01]} {[%emt 00:01:30]} e5
{[%clk 01:13:49]} {[%emt 00:04:59]} 14. h3 {[%clk 00:57:58]} {[%emt 00:08:33]}
Bb7 {[%clk 01:09:41]} {[%emt 00:04:38]} 15. Bd2 {[%clk 00:54:05]} {[%emt
00:04:24]} e4 {[%clk 01:08:20]} {[%emt 00:01:51]} 16. Nh2 {[%clk 00:53:15]}
{[%emt 00:01:20]} Rad8 {[%clk 00:50:02]} {[%emt 00:18:46]} 17. Be1 {[%clk
00:47:58]} {[%emt 00:05:48]} a5 {[%clk 00:44:50]} {[%emt 00:05:43]} 18. Rac1
{[%clk 00:36:39]} {[%emt 00:11:49]} Qe7 {[%clk 00:40:48]} {[%emt 00:04:29]} 19.
Nf1 {[%clk 00:33:27]} {[%emt 00:03:44]} Ba7 {[%clk 00:36:32]} {[%emt 00:04:46]}
20. Ba2 {[%clk 00:29:53]} {[%emt 00:04:05]} Ba6 {[%clk 00:32:13]} {[%emt
00:04:48]} 21. Qc2 {[%clk 00:29:23]} {[%emt 00:01:00]} Bb8 {[%clk 00:25:05]}
{[%emt 00:07:39]} 22. Rxd8 {[%clk 00:20:27]} {[%emt 00:09:26]} Rxd8 {[%clk
00:25:17]} {[%emt 00:00:17]} 23. Rd1 {[%clk 00:20:48]} {[%emt 00:00:09]} h6
{[%clk 00:19:56]} {[%emt 00:05:52]} 24. Ng3 {[%clk 00:12:53]} {[%emt 00:08:25]}
Rxd1 {[%clk 00:17:53]} {[%emt 00:02:32]} 25. Qxd1 {[%clk 00:13:21]} {[%emt
00:00:02]} Qc5 {[%clk 00:16:06]} {[%emt 00:02:17]} 26. Qb3 {[%clk 00:06:27]}
{[%emt 00:07:25]} Bxc4 {[%clk 00:13:53]} {[%emt 00:02:43]} 27. Qxc4 {[%clk
00:06:47]} {[%emt 00:00:09]} Qxc4 {[%clk 00:13:45]} {[%emt 00:00:38]} 28. Bxc4
{[%clk 00:07:15]} {[%emt 00:00:02]} Bxg3 {[%clk 00:14:07]} {[%emt 00:00:08]} 29.
fxg3 {[%clk 00:07:34]} {[%emt 00:00:11]} Ne5 {[%clk 00:14:31]} {[%emt
00:00:05]} 30. Bb3 {[%clk 00:07:11]} {[%emt 00:00:54]} Nd3 {[%clk 00:14:35]}
{[%emt 00:00:27]} 31. Kf1 {[%clk 00:07:34]} {[%emt 00:00:06]} Nxb2 {[%clk
00:14:06]} {[%emt 00:00:58]} 32. g4 {[%clk 00:06:37]} {[%emt 00:01:28]} Nd7
{[%clk 00:13:41]} {[%emt 00:00:54]} 33. Bg3 {[%clk 00:03:43]} {[%emt 00:03:25]}
Nc5 {[%clk 00:13:40]} {[%emt 00:00:31]} 34. Bd5 {[%clk 00:03:42]} {[%emt
00:00:31]} Nbxa4 {[%clk 00:13:15]} {[%emt 00:00:54]} 35. Bd6 {[%clk 00:03:06]}
{[%emt 00:01:07]} b3 {[%clk 00:09:21]} {[%emt 00:04:24]} 36. Be5 {[%clk
00:01:47]} {[%emt 00:01:50]} Nb6 {[%clk 00:08:37]} {[%emt 00:01:13]} 0-1

[Event "Top 12 2021"]
[Site "Chalons en Champagne, France"]
[Date "2021.06.26"]
[Round "3.5"]
[White "Domenech, Vianney AGE"]
[Black "Velten, Paul CHA"]
[Result "0-1"]
[WhiteElo "2265"]
[BlackElo "2482"]

1. d4 {[%clk 01:30:58]} {[%emt 00:00:02]} Nf6 {[%clk 01:30:00]} {[%emt
00:01:01]} 2. Nf3 {[%clk 01:30:00]} {[%emt 00:01:28]} b6 {[%clk 01:26:46]}
{[%emt 00:03:42]} 3. Bf4 {[%clk 01:28:51]} {[%emt 00:01:41]} Bb7 {[%clk
01:24:24]} {[%emt 00:02:51]} 4. e3 {[%clk 01:28:53]} {[%emt 00:00:28]} e6
{[%clk 01:23:45]} {[%emt 00:01:08]} 5. Nbd2 {[%clk 01:28:25]} {[%emt 00:00:59]}
Be7 {[%clk 01:23:08]} {[%emt 00:01:06]} 6. h3 {[%clk 01:28:03]} {[%emt
00:00:53]} c5 {[%clk 01:22:03]} {[%emt 00:01:35]} 7. c3 {[%clk 01:26:31]}
{[%emt 00:02:02]} O-O {[%clk 01:20:53]} {[%emt 00:01:39]} 8. Bd3 {[%clk
01:22:24]} {[%emt 00:04:37]} cxd4 {[%clk 01:20:07]} {[%emt 00:01:16]} 9. exd4
{[%clk 01:22:31]} {[%emt 00:00:23]} a6 {[%clk 01:16:09]} {[%emt 00:04:28]} 10.
O-O {[%clk 01:19:04]} {[%emt 00:03:58]} b5 {[%clk 01:13:41]} {[%emt 00:02:58]}
11. a4 {[%clk 01:12:06]} {[%emt 00:07:29]} b4 {[%clk 01:12:15]} {[%emt
00:01:56]} 12. Nc4 {[%clk 01:04:57]} {[%emt 00:07:39]} Nd5 {[%clk 01:09:21]}
{[%emt 00:03:23]} 13. Bh2 {[%clk 00:49:07]} {[%emt 00:16:21]} bxc3 {[%clk
01:02:11]} {[%emt 00:07:39]} 14. bxc3 {[%clk 00:49:33]} {[%emt 00:00:04]} Nxc3
{[%clk 00:59:18]} {[%emt 00:03:23]} 15. Qc2 {[%clk 00:49:48]} {[%emt 00:00:15]}
Bxf3 {[%clk 00:59:24]} {[%emt 00:00:24]} 16. gxf3 {[%clk 00:49:04]} {[%emt
00:01:14]} Nd5 {[%clk 00:59:26]} {[%emt 00:00:28]} 17. Bxh7+ {[%clk 00:49:31]}
{[%emt 00:00:04]} Kh8 {[%clk 00:59:45]} {[%emt 00:00:09]} 18. Kh1 {[%clk
00:40:40]} {[%emt 00:09:21]} Nc6 {[%clk 00:49:06]} {[%emt 00:11:09]} 19. Rad1
{[%clk 00:32:24]} {[%emt 00:08:46]} f5 {[%clk 00:47:45]} {[%emt 00:01:50]} 20.
Bg6 {[%clk 00:32:24]} {[%emt 00:00:30]} Bg5 {[%clk 00:47:56]} {[%emt 00:00:20]}
21. Rg1 {[%clk 00:11:41]} {[%emt 00:21:14]} Bf4 {[%clk 00:44:32]} {[%emt
00:03:53]} 22. Bxf4 {[%clk 00:03:37]} {[%emt 00:08:35]} Nxf4 {[%clk 00:44:26]}
{[%emt 00:00:36]} 23. Rg3 {[%clk 00:03:58]} {[%emt 00:00:08]} Qh4 {[%clk
00:44:28]} {[%emt 00:00:28]} 24. Kh2 {[%clk 00:03:47]} {[%emt 00:00:42]} Rf6
{[%clk 00:44:34]} {[%emt 00:00:24]} 25. d5 {[%clk 00:02:07]} {[%emt 00:02:10]}
Rxg6 {[%clk 00:41:17]} {[%emt 00:03:46]} 26. Rxg6 {[%clk 00:02:16]} {[%emt
00:00:22]} Qxh3+ {[%clk 00:41:33]} {[%emt 00:00:13]} 27. Kg1 {[%clk 00:02:42]}
{[%emt 00:00:04]} Nxg6 {[%clk 00:41:53]} {[%emt 00:00:09]} 28. dxc6 {[%clk
00:03:09]} {[%emt 00:00:04]} Nh4 {[%clk 00:42:12]} {[%emt 00:00:10]} 0-1

[Event "Top 12 2021"]
[Site "Chalons en Champagne, France"]
[Date "2021.06.26"]
[Round "3.6"]
[White "Bournel, Antoine CHA"]
[Black "Ternault, Mathieu AGE"]
[Result "1/2-1/2"]
[WhiteElo "2293"]
[BlackElo "2308"]

1. d4 {[%clk 01:30:49]} {[%emt 00:00:10]} e6 {[%clk 01:30:39]} {[%emt
00:00:22]} 2. c4 {[%clk 01:31:07]} {[%emt 00:00:12]} Bb4+ {[%clk 01:29:26]}
{[%emt 00:01:43]} 3. Bd2 {[%clk 01:30:42]} {[%emt 00:00:55]} c5 {[%clk
01:29:24]} {[%emt 00:00:33]} 4. Bxb4 {[%clk 01:27:17]} {[%emt 00:03:55]} cxb4
{[%clk 01:29:45]} {[%emt 00:00:09]} 5. a3 {[%clk 01:25:07]} {[%emt 00:02:40]}
Nc6 {[%clk 01:25:56]} {[%emt 00:04:19]} 6. Nf3 {[%clk 01:22:10]} {[%emt
00:03:27]} Nf6 {[%clk 01:25:47]} {[%emt 00:00:39]} 7. d5 {[%clk 01:20:55]}
{[%emt 00:01:45]} exd5 {[%clk 01:25:05]} {[%emt 00:01:13]} 8. cxd5 {[%clk
01:21:22]} {[%emt 00:00:04]} Ne7 {[%clk 01:25:29]} {[%emt 00:00:05]} 9. d6
{[%clk 01:21:45]} {[%emt 00:00:07]} Nc6 {[%clk 01:24:28]} {[%emt 00:01:30]} 10.
axb4 {[%clk 01:11:26]} {[%emt 00:10:49]} Qb6 {[%clk 01:20:12]} {[%emt
00:04:45]} 11. Nc3 {[%clk 00:52:41]} {[%emt 00:19:16]} Qxb4 {[%clk 01:16:45]}
{[%emt 00:03:57]} 12. e4 {[%clk 00:51:01]} {[%emt 00:02:10]} O-O {[%clk
01:04:34]} {[%emt 00:12:40]} 13. Bd3 {[%clk 00:42:01]} {[%emt 00:09:31]} Qxd6
{[%clk 00:37:43]} {[%emt 00:27:22]} 14. O-O {[%clk 00:24:13]} {[%emt 00:18:18]}
Ng4 {[%clk 00:22:49]} {[%emt 00:15:24]} 15. Bc2 {[%clk 00:17:24]} {[%emt
00:07:19]} Qh6 {[%clk 00:19:26]} {[%emt 00:03:53]} 16. Nb5 {[%clk 00:15:43]}
{[%emt 00:02:11]} Qf4 {[%clk 00:11:43]} {[%emt 00:08:13]} 17. Qd2 {[%clk
00:13:34]} {[%emt 00:02:38]} Qxd2 {[%clk 00:07:51]} {[%emt 00:04:22]} 18. Nxd2
{[%clk 00:14:02]} {[%emt 00:00:02]} d6 {[%clk 00:07:07]} {[%emt 00:01:14]} 19.
Nc4 {[%clk 00:11:25]} {[%emt 00:03:07]} Be6 {[%clk 00:06:21]} {[%emt 00:01:16]}
20. Ncxd6 {[%clk 00:10:13]} {[%emt 00:01:42]} Rad8 {[%clk 00:04:14]} {[%emt
00:02:38]} 21. Rfd1 {[%clk 00:08:53]} {[%emt 00:01:51]} Nb4 {[%clk 00:03:35]}
{[%emt 00:01:08]} 22. Ba4 {[%clk 00:08:22]} {[%emt 00:01:01]} a6 {[%clk
00:01:43]} {[%emt 00:02:23]} 23. Nc7 {[%clk 00:08:09]} {[%emt 00:00:43]} b5
{[%clk 00:01:50]} {[%emt 00:00:22]} 24. Nxe6 {[%clk 00:07:47]} {[%emt
00:00:52]} fxe6 {[%clk 00:02:19]} {[%emt 00:00:01]} 25. Bb3 {[%clk 00:08:07]}
{[%emt 00:00:09]} Rf6 {[%clk 00:02:29]} {[%emt 00:00:21]} 26. e5 {[%clk
00:02:24]} {[%emt 00:06:13]} Nxe5 {[%clk 00:02:20]} {[%emt 00:00:39]} 27. Ne4
{[%clk 00:02:44]} {[%emt 00:00:10]} Rxd1+ {[%clk 00:01:59]} {[%emt 00:00:52]}
28. Rxd1 {[%clk 00:03:09]} {[%emt 00:00:05]} Rg6 {[%clk 00:01:41]} {[%emt
00:00:47]} 29. Nc5 {[%clk 00:02:16]} {[%emt 00:01:23]} Kf7 {[%clk 00:01:32]}
{[%emt 00:00:39]} 30. f4 {[%clk 00:02:07]} {[%emt 00:00:40]} 1/2-1/2